000 00317nam a22001337a 4500
008 171018b xxu||||| |||| 00| 0 eng d
020 _a9780619159849
041 _aeng
080 _23RD
_a338
100 _a53
101 _aMEN
245 _aINFORMATION TECHNOLOGY PROJECT MANAGEMENT
_cSCHWALBE,K
942 _2udc
_cBK
999 _c34654
_d34654